书目信息 |
| 题名: |
学前教育简史
|
|
| 作者: | 张亚军 , 马林 主编 | |
| 分册: | ||
| 出版信息: | 长春 东北师范大学出版社 2020.8 |
|
| 页数: | 238页 | |
| 开本: | 26cm | |
| 丛书名: | ||
| 单 册: | ||
| 中图分类: | G619.1 | |
| 科图分类: | ||
| 主题词: | 学前教育--教育史--世界--职业教育--教材 | |
| 电子资源: | ||
| ISBN: | 978-7-5681-6487-0 | |
| 000 | 00969nam0 2200277 45 | |
| 001 | 012001002023 | |
| 005 | 20210923083641.42 | |
| 010 | @a978-7-5681-6487-0@dCNY35.00 | |
| 100 | @a20201217e20202019em y0chiy0110 ea | |
| 101 | 0 | @achi |
| 102 | @aCN@b220000 | |
| 105 | @aa z 000yy | |
| 106 | @ar | |
| 200 | 1 | @a学前教育简史@Axue qian jiao yu jian shi@f张亚军, 马林主编 |
| 205 | @a2版 | |
| 210 | @a长春@c东北师范大学出版社@d2020.8 | |
| 215 | @a238页@c图@d26cm | |
| 300 | @a“十二五”职业教育国家规划教材 | |
| 300 | @a学前教育专业系列精品教材 专业理论类 | |
| 330 | @a本书分中国学前教育史、外国学前教育史两部分,共十二个单元,内容包括:古代学前教育的发展、古代学前教育思想、现代学前教育的发展、老解放区的学前教育、现代学前教育思想等。 | |
| 606 | 0 | @a学前教育@x教育史@y世界@x职业教育@j教材 |
| 690 | @aG619.1@v5 | |
| 701 | 0 | @a张亚军@Azhang ya jun@4主编 |
| 701 | 0 | @a马林@Ama lin@4主编 |
| 801 | @aCN@bAHXH@c20210922 | |
| 905 | @b1253227-9@dG619.1@e2018=2@f3 | |
| 学前教育简史/张亚军, 马林主编.-2版.-长春:东北师范大学出版社,2020.8 |
| 238页:图;26cm |
| “十二五”职业教育国家规划教材.-学前教育专业系列精品教材 专业理论类 |
| ISBN 978-7-5681-6487-0:CNY35.00 |
| 本书分中国学前教育史、外国学前教育史两部分,共十二个单元,内容包括:古代学前教育的发展、古代学前教育思想、现代学前教育的发展、老解放区的学前教育、现代学前教育思想等。 |
| ● |
| 相关链接 |
|
|
|
|
正题名:学前教育简史
索取号:G619.1/2018=2
 
预约/预借
| 序号 | 登录号 | 条形码 | 馆藏地/架位号 | 状态 | 备注 |
| 1 | 1253227 | 212532277 | 第一样本阅览室/ [索取号:G619.1/2018=2] | 在馆 | |
| 2 | 1253228 | 212532286 | 第四借阅区/ [索取号:G619.1/2018=2] | 在馆 | |
| 3 | 1253229 | 212532295 | 第四借阅区/ [索取号:G619.1/2018=2] | 在馆 |